000 00340nam a22001457a 4500
003 OSt
005 20160727222418.0
008 160625b xxu||||| |||| 00| 0 eng d
040 _cTEST
100 _91179
_aDavid, I
245 _aRajasthani Folk Tales
260 _aNEW DELHI
_bNCERT
_c1983
300 _aRajasthani Folk Tales
942 _2ddc
_cBK
999 _c960
_d960